书目信息 |
| 题名: |
毛泽东与中国社会改造
|
|
| 作者: | 李伟 著 | |
| 分册: | ||
| 出版信息: | 北京 中央文献出版社 2006 |
|
| 页数: | 614页 | |
| 开本: | 23cm | |
| 丛书名: | ||
| 单 册: | ||
| 中图分类: | A841.64 | |
| 科图分类: | ||
| 主题词: | 毛泽东思想 , 社会主义改造 , 毛泽东思想--社会主义改造--研究 , 毛泽东著作--学习 , 毛泽东著作研究 | |
| 电子资源: | ||
| ISBN: | 7-5073-2178-9 | |
| 000 | 01007nam0 2200289 450 | |
| 001 | 1231626171 | |
| 005 | 20090929111026.95 | |
| 010 | @a7-5073-2178-9@dCNY80.00 | |
| 100 | @a20060518d2006 em y0chiy50 ea | |
| 101 | 0 | @achi |
| 102 | @aCN@b110000 | |
| 105 | @ay z 000yy | |
| 106 | @ar | |
| 200 | 1 | @a毛泽东与中国社会改造@f李伟著@Amao ze dong yu zhong guo she hui gai zao |
| 210 | @a北京@c中央文献出版社@d2006 | |
| 215 | @a614页@d23cm | |
| 300 | @a国家社会科学基金项目 中国社会科学院出版基金资助 | |
| 330 | @a毛泽东改造中国的活动极其丰富而深厚。他是怎样领导中国共产党和中国人民进行革命和建设的、运用了什么方法、手段,回答和解决了什么问题,是本书讨论的内容。 | |
| 606 | 0 | @a毛泽东思想 |
| 606 | 0 | @a社会主义改造 |
| 606 | 0 | @a毛泽东思想@x社会主义改造@x研究 |
| 606 | 0 | @a毛泽东著作@x学习 |
| 606 | 0 | @a毛泽东著作研究 |
| 690 | @aA841.64@v4 | |
| 701 | 0 | @a李伟@f(1949.10~)@4著@Ali wei |
| 801 | 0 | @aCN@b大连网信软件有限公司图书馆·11@c20090929 |
| 905 | @a10447@dA841.64@eJY32 | |
| 毛泽东与中国社会改造/李伟著.-北京:中央文献出版社,2006 |
| 614页;23cm |
| 国家社会科学基金项目 中国社会科学院出版基金资助 |
| ISBN 7-5073-2178-9:CNY80.00 |
| 毛泽东改造中国的活动极其丰富而深厚。他是怎样领导中国共产党和中国人民进行革命和建设的、运用了什么方法、手段,回答和解决了什么问题,是本书讨论的内容。 |
| ● |
| 相关链接 |
|
|
|
|
正题名:毛泽东与中国社会改造
索取号:A841.64/JY32
 
预约/预借
| 序号 | 登录号 | 条形码 | 馆藏地/架位号 | 状态 | 备注 |
| 1 | 7809483 | 278094839 | 学院路分馆/ [索取号:A841.64/JY32] | 在馆 | |
| 2 | 7809484 | 278094848 | 学院路分馆/ [索取号:A841.64/JY32] | 在馆 |